=LDR 00000nam 2200000 4500 =001 INLIS000000000001572 =005 20130612085956 =008 ***********************************Ind** =035 ##$$0010-061300000001572 =041 ##$$a Ind =082 ##$$a F Rom K =090 ##$$a F Rom K, Ind-s =100 ##$$a INDIRA, Rembulan =245 ##$$a Seekor Singa dan Seekor Tikus, Rembulan Indira =260 ##$$a 2000 $b Jakarta =300 ##$$a 12 hlm, ilus, 27 cm =650 ##$$a Fiksi =650 ##$$a Kanak-kanak =850 ##$$a NBPNMAT